Statistics for Geographical records by continent

Click here to take the quiz!

General Stats

  • This quiz has been taken 802 times
    (574 since last reset)
  • The average score is 24 of 41

Answer Stats

HintAnswer% Correct
AsiaLargest country (km²)17 098 246Russia
97%
EuropeLargest country (km²)17 098 246Russia
97%
AfricaLargest River (km)6 650Nile
92%
North AmericaLargest country (km²)9 984 670Canada
91%
South AmericaLargest River (km)6449Amazon
90%
AntarticaLargest territory (km²)No recordsAustralia
90%
OceaniaLargest country (km²)7 692 024Australia
90%
AsiaLargest mountain (m)8 848Everest
89%
AfricaLargest island (km²)587 713Madagascar
89%
South AmericaLargest country (km²)8 515 767Brazil
88%
AfricaLargest lake surface (km²)68 870Victoria
88%
AfricaLargest country (km²)2 381 741Algeria
85%
North AmericaLargest River (km)6 275Mississippi
84%
EuropeLargest River (km)3 645Volga
82%
AfricaLargest mountain (m)5 895Kilimanjaro
78%
North AmericaLargest lake surface (km²)82 100Superior
78%
South AmericaLargest waterfall (height in meters)972Angel Falls
76%
EuropeLargest island (km²)209 331Great Britain
76%
North AmericaLargest island (km²)2 130 800Greenland
74%
EuropeLargest lake surface (km²)371 000Caspian Sea
73%
AsiaLargest lake surface (km²)371 000Caspian Sea
73%
AsiaLargest island (km²)743 330Borneo
70%
AsiaLargest River (km)6418Yangtze
70%
North AmericaLargest mountain (m)6 190Denali
69%
South AmericaLargest lake surface (km²)8 372Titicaca
63%
OceaniaLargest island (km²)785 753New Guinea
60%
EuropeLargest mountain (m)5 642Elbrus
56%
OceaniaLargest River (km)3 672Murray
41%
South AmericaLargest mountain (m)6 962Aconcagua
40%
South AmericaLargest island (km²)47 401Tierra del Fuego
26%
AntarticaLargest mountain (m)4 892Vinson
16%
OceaniaLargest mountain (m)4 509Wilhelm
14%
OceaniaLargest lake surface (km²)9 500Eyre
12%
North AmericaLargest waterfall (height in meters)739Yosemite falls
8%
AntarticaLargest lake surface (km²)12 500Vostok
7%
AntarticaLargest island (km²)49 070Alexander
5%
AfricaLargest waterfall (height in meters)948Tugela
5%
OceaniaLargest waterfall (height in meters)900Oloʻupena Falls
4%
EuropeLargest waterfall (height in meters)860Vinnufossen
4%
AntarticaLargest River (km)32Onyx
3%
AsiaLargest waterfall (height in meters)ca. 700Kadamaian
2%

Score Distribution

Percentile by Number Answered

Percent of People with Each Score

Your Score History

You have not taken this quiz since the last reset